01763nam a2200229Ia 4500001000600000003000900006008004100015040001300056040001300069041001300082100002200095100002900117245003100146245003100177250001100208260004200219260004900261300005700310500110600367650002901473650003101502H8386IT-RoPAU130308s9999 xx 000 0 und d aIT-RoPAU cIT-RoPAU aITALIANO aNovasconi Armando gCodice Aut. SPICS: 59355 aBarocco nel lodigiano (Il) bBarocco nel lodigiano (Il) a1a ed. bBanca Mutua Popolare Agricola Di Lodi c1968 [1° Ed.:1968 - Ed.Ling.Originale:1968] a"322 p. (prefazione: no ; testo: 322 [pagine: 0-0])" aCopia N. 349 di 650. Periodo barocco nella Storia e nell'Arte. Arte barocca a Lodi e nel Lodogiano. Chiesa San Filippo in Lodi. Carloni Carlo e Sua Pittura. Chiesa B.V. delle Grazie. Chiesa S. Maria Maddalena. Chiesa S. Maria del Sole. Tempio Incoronata. Chiesa S. Chiara Nuova. cattedrale di Lodi. Tempio di S. Francesco. Chiesa di S. Lorenzo. palazzo di S. Filippo. palazzo Modegnani. palazzo Barni. palazzo Galeano. palazzo Vescovile. palazzo Villani. Chiesa convento di S. Benedetto. palazzo Cadamosto. Ospedale Maggioredi Lodi. Casa privata in Lodi. Chiesa Ss. Pietro e Paolo in Ospedaletto Lodigiano. castello di Maleo. castello di S. Angelo Lodigiano. Chiesa S. Fiorano. villa Pallavicino Trivulzio a S. Fiorano. Chiesa Ss. Bartolomeo e Martino in Casalpusterlengo. Santuario Madonna di Caravaggio in Codogno. Chiesas. Biagio in Codogno. Chiesa Ss. Angelo e Nicolo' in Villanova Sillaro. Santuario Cappuccini in Casalpusterlengo. villa palazzo di Orio Litta. villa Barni a Roncadello. Parrocchiale di Roncadello. Chiesa S. Maria Nascente Dibrembio. Chiesa S. Lorenzo in Monticelli di Bertonico. aSTORIA DELLE ARTI VISIVE eCodice materia Spics: 5008